01170nam a2200217 450000500170000000800440001702000180006105000210007924501410010025000240024126002130026530000590047844000550053765000450059265000520063770000400068970000420072994200160077199900190078795201460080620250716083419.0250409b mx |||||||| |||| 00| 0 spa d a978841381736104aHJ2057bP74 202300aPresupuesto y gasto desde las haciendas públicas mexicanas, siglos XIX-XXc/ Jorge Silva Riquer, Fernando Soria Soria (coordinadores.) aPrimera edición.  aMorelia, Michoacán de Ocampo, México : bUniversidad Michoacana de San Nicolás de Hidalgo, Facultad de Historia, Instituto de Investigaciones Histórica : aMadrid, España : bMarcial Pons, c2023.  a227 páginas. : btablas, mapas, gráficas, c24 cm. aColección Historia contemporánea de América  72lemb aPresupuesto xHistoriazMéxico  72lemb aFinanzas públicasxHistoria zMéxico1 aSilva Riquer, Jorge, ecoordinador.1 aSoria Soria, Fernando, ecoordinador. 2lccn0cLIB c171705d171703 102lcc4070aINV-033bINV-033cGENERALd2025-04-09eDONf1a ed.iHkCSAl0oHJ2057 P74 2023pIIH000036978r2025-04-09 12:25:29t1v1.00yLIB